000 00945nas a2200325 4500
001 BR0600484
003 BR-BrBNA
005 20231205105829.0
007 ta
008 230509b bl.|||p| |||| 00| 00por d
040 _aBR-BrBNA
_bpor
_cBiblioteca Nacional de Agricultura
041 _a(Pt)
072 _aQ03
100 1 _aNascimento, L.C. do
100 1 _aLima, L.C. de O.
100 1 _aVeiga, S.M.O.M.
100 1 _aFiorini, J.E.
245 1 _aUso de derivados clorados, ozônio e ultra-som na sanificação de água e alimentos - revisão
650 _aALIMENTO
650 _aÁGUA
650 _aCLORO
650 _aOZÔNIO
650 _aCONTROLE DE QUALIDADE
650 _aULTRA-SOM
650 _aHIGIENE DE ALIMENTO
650 _aMINAS GERAIS
773 0 _tHigiene Alimentar (Brazil)
_xISSN 0101-9171
_g(Oct 2005), v. 19(136) p. 48-57
_wBR0600484
909 _a202311
_bLúcia
_c55
_dLúcia Elande
942 _2AGRIS
_n0
_cANA
999 _c184891
_d184891